Organizational Behavior (Record no. 47406)

MARC details
000 -LEADER
fixed length control field 00755nam a22002177a 4500
005 - DATE AND TIME OF LATEST TRANSACTION
control field 20260429171317.0
008 - FIXED-LENGTH DATA ELEMENTS--GENERAL INFORMATION
fixed length control field 260429b |||||||| |||| 00| 0 eng d
020 ## - INTERNATIONAL STANDARD BOOK NUMBER
International Standard Book Number 9789356064270
040 ## - CATALOGING SOURCE
Transcribing agency VITAP
082 ## - DEWEY DECIMAL CLASSIFICATION NUMBER
Edition number 23
Classification number 658.3 ROB
100 ## - MAIN ENTRY--PERSONAL NAME
Personal name Robbins, Stephen P.
9 (RLIN) 17433
245 ## - TITLE STATEMENT
Title Organizational Behavior
Statement of responsibility, etc. / Stephen P. Robbins
250 ## - EDITION STATEMENT
Edition statement 18th
260 ## - PUBLICATION, DISTRIBUTION, ETC.
Place of publication, distribution, etc. Noida
Name of publisher, distributor, etc. Pearson Education India Services Pvt. Ltd.
Date of publication, distribution, etc. 2022
300 ## - PHYSICAL DESCRIPTION
Extent 796p, ill.: 25cm
500 ## - GENERAL NOTE
General note It include subject index pages.
650 #0 - SUBJECT ADDED ENTRY--TOPICAL TERM
Topical term or geographic name entry element Organizational Behavior, Individual Behavior, Motivation, Emotions and Moods, Attitudes and Job Satisfaction, Group Behavior etc.
9 (RLIN) 17434
700 ## - ADDED ENTRY--PERSONAL NAME
Personal name Judge, Timothy A.
9 (RLIN) 17435
700 ## - ADDED ENTRY--PERSONAL NAME
Personal name Vohra, Neharika
9 (RLIN) 17436
942 ## - ADDED ENTRY ELEMENTS (KOHA)
Source of classification or shelving scheme Dewey Decimal Classification
Koha item type Text Book
Holdings
Withdrawn status Lost status Source of classification or shelving scheme Materials specified (bound volume or other part) Damaged status Not for loan Collection code Home library Current library Shelving location Date acquired Source of acquisition Cost, normal purchase price Inventory number Total Checkouts Full call number Barcode Date last seen Cost, replacement price Price effective from Koha item type Public note
    Dewey Decimal Classification Paper Back   Not For Loan Reference School of Business & General Section VIT-AP Reference 2026-04-17 Shah Book House Pvt. Ltd., Hyderabad 1180.00 SBH/41139   658.3 ROB 025760 2026-04-29 1180.00 2026-04-17 Reference Book MGT
    Dewey Decimal Classification Paper Back       School of Business & General Section VIT-AP General Stacks 2026-04-17 Shah Book House Pvt. Ltd., Hyderabad 1180.00 SBH/41139   658.3 ROB 025761 2026-04-29 1180.00 2026-04-17 Text Book MGT
    Dewey Decimal Classification Paper Back       School of Business & General Section VIT-AP General Stacks 2026-04-17 Shah Book House Pvt. Ltd., Hyderabad 1180.00 SBH/41139   658.3 ROB 025762 2026-04-29 1180.00 2026-04-17 Text Book MGT

Visitor Number: